000 00634nam a2200277Ia 4500
005 20260324150553.0
008 008 260324s9999 xx 000 0 eng d
020 _a9781315659206
037 _aEBOOK
040 _aCRL
040 _beng
040 _cCRL
041 _2eng
041 _aeng
084 _qCRL
100 _aLowdon Wingo Jr.
_91171420
245 0 _aTransportation and Urban Land
260 _bTaylor and Francis
260 _c1961
365 _a
365 _b205
856 _uhttp://www.taylorfrancis.com/books/9781315659206
942 _cEBOOK
999 _c1836545
_d1836545